Milk quotas : Agriculture Act 1986 : explanatory leaflet on the provisions relating to the end of tenancy compensation for milk quotas in England and Wales (Record no. 90624)

MARC details
000 -LEADER
fixed length control field 00689cam a2200217 4500
001 - CONTROL NUMBER
control field B836
008 - FIXED-LENGTH DATA ELEMENTS--GENERAL INFORMATION
fixed length control field 090401t1990 xxu||||| |||| 00| 0 eng d
035 ## - SYSTEM CONTROL NUMBER
System control number (Sirsi) u38210
041 ## - LANGUAGE CODE
Language code of text/sound track or separate title eng
050 ## - LIBRARY OF CONGRESS CALL NUMBER
Classification number 338.181
110 ## - MAIN ENTRY--CORPORATE NAME
Corporate name or jurisdiction name as entry element Ministry of Agriculture
9 (RLIN) 1876
245 ## - TITLE STATEMENT
Title Milk quotas : Agriculture Act 1986 : explanatory leaflet on the provisions relating to the end of tenancy compensation for milk quotas in England and Wales
250 ## - EDITION STATEMENT
Edition statement Revised ed.
260 ## - PUBLICATION, DISTRIBUTION, ETC.
Place of publication, distribution, etc. Alnwick, Northumberland
Name of publisher, distributor, etc. Ministry of Agriculture, Fisheries and F
Date of publication, distribution, etc. 1990
300 ## - PHYSICAL DESCRIPTION
Extent 7p. ; 21cm.
350 ## - PRICE (NR) (BK AM CF MU VM SE) [OBSOLETE]
Price 0
490 ## - SERIES STATEMENT
Series statement MSQ
Volume/sequential designation 2
710 ## - ADDED ENTRY--CORPORATE NAME
Corporate name or jurisdiction name as entry element Fisheries and Food
9 (RLIN) 1879
942 ## - ADDED ENTRY ELEMENTS (KOHA)
Suppress in OPAC 0
948 ## - LOCAL PROCESSING INFORMATION (OCLC); SERIES PART DESIGNATOR (RLIN)
c (OCLC) 04/03/1997
Holdings
Withdrawn status Lost status Source of classification or shelving scheme Damaged status Not for loan Home library Current library Shelving location Date acquired Total Checkouts Full call number Barcode Date last seen Copy number Price effective from Koha item type
    Dewey Decimal Classification     London London Basement 14/09/1999   SHELF 327 (PAMPHLET) 30001956 06/08/2019 1 06/08/2019 Reference material